[Event "5th Cesme Open 2017"]
[Site "Cesme"]
[Date "2017.06.16"]
[Round "7.1"]
[White "Rasulov, Vugar"]
[Black "Sumets, Andrey"]
[Result "1/2-1/2"]
[WhiteElo "2508"]
[BlackElo "2560"]
[Annotator "TA"]
[PlyCount "23"]
[EventType "swiss"]
[EventCountry "TUR"]
[SourceTitle "playchess.com"]
[Source "ChessBase"]
[SourceQuality "1"]

{[%evp 15,23,0,4,9,4,0,0,-1,-2,-7]} 1. d4 d5 2. Nf3 Nf6 3. c4 e6 4. g3 Bb4+ 5. Bd2 Be7 6. Bg2 c6 7. O-O Nbd7 8. Qc2 O-O {The position is equal.} 9. Rc1 {E11: Bogo-Indian} (9. Rd1 b6 10. b3 a5 11. Bc3 Ne4 12. Ne5 Nxe5 13. Bxe4 f5 14. Bxd5 exd5 15. dxe5 f4 16. cxd5 cxd5 17. Bd4 Ba6 18. Qc6 Bxe2 {½-½ (28) Ding,L (2773)-Giri,A (2785) Moscow 2017}) 9... a5 10. Be1 b5 11. cxb5 $146 ({Predecessor:} 11. c5 Ne4 12. Nfd2 f5 13. f4 g5 14. e3 h5 15. Nxe4 dxe4 16. a4 b4 {0-1 (27) Urban,K (2473)-Macieja,B (2600) Warsaw 2008}) 11... cxb5 12. Qc7 1/2-1/2

[Event "5th Cesme Open 2017"]
[Site "Cesme"]
[Date "2017.06.16"]
[Round "7.2"]
[White "Quparadze, Giga"]
[Black "Ulybin, Mikhail"]
[Result "1-0"]
[WhiteElo "2509"]
[BlackElo "2499"]
[Annotator "TA"]
[PlyCount "69"]
[EventType "swiss"]
[EventCountry "TUR"]
[SourceTitle "playchess.com"]
[Source "ChessBase"]
[SourceQuality "1"]

{[%evp 9,69,-9,12,6,8,0,0,-8,15,-16,-6,-25,-23,-31,-35,-33,-35,-41,-21,-38,-33,-33,-9,-8,0,-29,-16,-23,0,0,61,67,50,10,157,158,166,146,200,200,221,187,206,193,187,166,283,240,291,283,293,284,290,278,287,279,335,302,875,870,856,860]} 1. e4 e6 2. d3 d5 3. Nd2 c5 4. g3 Nc6 5. Bg2 g6 6. Nh3 {C00: French: Unusual White 2nd moves} (6. Ngf3 Bg7 7. O-O Nge7 8. Re1 b6 9. e5 Qc7 10. Qe2 h6 11. h4 g5 12. hxg5 hxg5 13. Nxg5 Qxe5 14. Qxe5 Nxe5 15. Ngf3 N5c6 16. c3 Ba6 17. Bf1 Ng6 18. a4 Kd7 {1-0 (50) Nakamura,H (2741)-Ponomariov,R (2744) Moscow 2010}) 6... Bg7 7. O-O Nge7 8. f4 {The position is equal.} e5 9. c3 O-O 10. f5 $146 ({Predecessor:} 10. exd5 Nxd5 11. Nc4 exf4 12. Nxf4 Nde7 13. Be3 b6 {1-0 (42) Chandler,M (2390)-Hoelzl,F (2410) Buenos Aires 1978}) 10... gxf5 11. Qh5 $1 f6 12. exf5 Qe8 13. Qe2 Bxf5 {[#]} 14. Bxd5+ $1 {[%mdl 512]} Nxd5 15. Rxf5 Qd7 (15... Nce7 $5 {[%cal Re7f5]} 16. Rh5 f5 $15) 16. g4 Rad8 (16... Nce7 $5 {[%cal Re7f5]} 17. Rh5 f5 18. gxf5 Rxf5 $11) 17. Rh5 f5 18. gxf5 Rxf5 {Strongly threatening ...Nf4.} (18... Nf6 $5 {[%cal Rf6h5]} 19. Rg5 Qxd3 20. Qxd3 Rxd3 $11) 19. Ne4 Nf4 ({Black should try} 19... Rdf8 $11) 20. Bxf4 $1 $14 exf4 21. Qg4 Rff8 {[#]} (21... Rdf8 $1 $11 22. Rxf5 (22. Nxf4 $2 Ne5 $19) 22... Qxf5 23. Qxf5 Rxf5) 22. Qxd7 $1 $16 Rxd7 23. Nxc5 Rd6 {[#]} (23... Re7 $16 {is a better defense.}) 24. d4 $1 $18 b6 25. Ne4 Rg6+ 26. Kf2 f3 {Black wants to play ...Rg2+.} 27. Rg5 Re6 (27... Rh6 $142) 28. Re1 Re7 29. Rg3 Kh8 30. Rxf3 Rfe8 31. Nhg5 Nd8 32. Rfe3 Bh6 33. h4 {[%cal Bh2h4,Bh4g5][%mdl 32]} Nf7 $2 (33... Rf8+ 34. Rf3 Rfe8) 34. Nd6 Bxg5 35. hxg5 {Precision: White = 61%, Black = 17%.} 1-0

[Event "5th Cesme Open 2017"]
[Site "Cesme"]
[Date "2017.06.16"]
[Round "7.3"]
[White "Sadikhov, Ulvi"]
[Black "Baklan, Vladimir"]
[Result "1/2-1/2"]
[WhiteElo "2483"]
[BlackElo "2606"]
[Annotator "TA"]
[PlyCount "20"]
[EventType "swiss"]
[EventCountry "TUR"]
[SourceTitle "playchess.com"]
[Source "ChessBase"]
[SourceQuality "1"]

{[%evp 19,20,10,20]} 1. e4 $146 e6 2. d4 d5 3. Nd2 dxe4 4. Nxe4 Nd7 5. Nf3 Ngf6 6. Nxf6+ Nxf6 7. Bd3 c5 8. dxc5 Bxc5 9. O-O Qc7 10. Qe2 O-O 1/2-1/2

[Event "5th Cesme Open 2017"]
[Site "Cesme"]
[Date "2017.06.16"]
[Round "7.4"]
[White "Solodovnichenko, Yuri"]
[Black "Rzayev, Bahruz"]
[Result "1-0"]
[WhiteElo "2583"]
[BlackElo "2392"]
[Annotator "TA"]
[PlyCount "117"]
[EventType "swiss"]
[EventCountry "TUR"]
[SourceTitle "playchess.com"]
[Source "ChessBase"]
[SourceQuality "1"]

{[%evp 15,117,54,60,42,44,40,47,63,49,60,56,56,56,56,43,55,41,26,62,43,45,46,63,59,45,62,126,118,100,38,64,64,64,65,64,64,60,60,78,76,76,76,70,70,83,80,86,77,83,77,147,141,151,153,186,181,184,174,238,196,196,196,210,204,221,227,251,244,325,320,333,336,368,368,364,365,359,358,386,395,501,504,739,711,701,677,854,353,834,853,1001,1002,1955,1753,5927,4176,12842,12842,12843,12843,12846,12846,12851,29970]} 1. e4 e5 2. Nf3 Nc6 3. Bb5 a6 4. Ba4 d6 5. c3 f5 6. exf5 Bxf5 7. O-O Bd3 8. Re1 Be7 9. Qb3 {C74: Ruy Lopez: Deferred Steinitz: 5 c3 f5} (9. Re3 $5 {[%cal Re3d3]} Bg6 10. d4 $11) 9... b5 10. Qd5 Qd7 11. Qxd3 {White is slightly better.} bxa4 12. Qc2 Nf6 13. d3 O-O 14. Nbd2 Nd8 (14... d5 15. Qxa4 Bd6 16. c4 Nb4 17. Qxd7 Nxd7 18. cxd5 {0-1 (56) Grandelius,N (2643)-Adhiban,B (2666) Doha 2016}) 15. d4 exd4 16. Nxd4 Nd5 $146 ({Predecessor:} 16... d5) 17. N2f3 Bf6 $1 18. Qe4 c6 19. Nc2 (19. c4 $5 {[%cal Rc4d5]} Nc7 20. Bg5 $14) 19... Nb6 20. Bg5 Rb8 (20... d5 $14 21. Qh4 c5) 21. Bxf6 $16 Rxf6 22. Ncd4 (22. Ng5 $16 Rf5 23. h4) 22... d5 23. Qe5 Rc8 24. Qe8+ Qxe8 25. Rxe8+ Rf8 26. Rae1 c5 27. Nf5 $1 $36 {[%cal Rf5e7][%mdl 2048] aiming for Ne7+. White is in control.} Nc6 28. Rxf8+ Rxf8 29. Re6 Rxf5 30. Rxc6 $14 {[%mdl 4096] Endgame KRN-KRN} Nc4 31. Rxc5 Nxb2 32. Ra5 Rf8 (32... Nd1 $142) 33. Rxd5 $16 Rc8 {[#]} 34. Ng5 $1 a3 {[#]} 35. Rd4 $1 Nc4 36. Kf1 Kf8 (36... Ne5 $142 37. Rb4 h6) 37. Ke2 Ke7 38. Ne4 a5 39. f4 Nb6 40. Kd3 Nd7 41. Ra4 Rb8 42. Rxa3 Rb2 43. g3 ({Don't do} 43. Rxa5 Rxg2 44. Rg5 Rxg5 $18) 43... Rxh2 44. Rxa5 g6 45. c4 Nb8 46. Ra7+ Ke6 47. a4 h5 48. Rg7 Kf5 49. Rb7 Nc6 50. Rb6 Ne7 51. Rf6+ Kg4 52. Re6 {White is clearly winning.} h4 53. Rxe7 hxg3 $18 {KRN-KR} 54. Rg7 g2 55. Rxg6+ Kxf4 56. a5 Rh3+ 57. Kd4 Re3 58. Rxg2 {Intending Rf2+ and mate.} Rxe4+ 59. Kc5 {Precision: White = 87%, Black = 42%.} (59. Kd5 $18 Re5+ 60. Kd6 Rxa5 61. c5) 1-0

[Event "5th Cesme Open 2017"]
[Site "Cesme"]
[Date "2017.06.16"]
[Round "7.5"]
[White "Nevednichy, Vladislav"]
[Black "Gokerkan, Cem Kaan"]
[Result "1-0"]
[WhiteElo "2533"]
[BlackElo "2333"]
[Annotator "TA"]
[PlyCount "97"]
[EventType "swiss"]
[EventCountry "TUR"]
[SourceTitle "playchess.com"]
[Source "ChessBase"]
[SourceQuality "1"]

{[%evp 9,97,0,0,-3,-8,-11,0,0,0,0,0,0,0,0,0,0,0,0,0,-4,0,0,0,0,0,0,5,-8,6,8,11,12,44,20,22,27,24,0,0,0,0,0,0,0,14,0,53,52,97,48,68,73,91,78,98,85,283,285,284,241,271,245,245,291,268,267,222,247,221,162,444,414,670,669,1308,1072,1514,1502,1422,1302,29986,29987,6529,2635,5033,5108,5516,5520,2345,2497]} 1. e4 c5 2. Be2 Nc6 3. f4 d5 4. d3 dxe4 5. dxe4 Qxd1+ 6. Bxd1 {B21: Sicilian: 2 f4 and Morra Gambit} b6 7. Nf3 $1 Bb7 8. c3 {The position is equal.} e6 9. Nbd2 Nf6 10. Bc2 Be7 11. O-O O-O 12. e5 $146 ({Predecessor:} 12. Re1 Rfd8 13. h3 {1-0 (54) Yudasin,L (2558)-Wojtkiewicz,A (2543) New York 2003}) 12... Nd5 {[#] White must now prevent ...Ne3.} 13. Ne4 Rad8 14. Bd2 $1 Ba6 (14... Na5 $5 {[%cal Ra5c4]}) 15. Rf2 Nc7 16. g4 Bd3 17. Bxd3 Rxd3 18. f5 Rfd8 19. f6 gxf6 20. exf6 Bf8 (20... Bd6 $5) 21. g5 Nb5 22. Re1 Nd6 {aiming for ...Nxe4.} 23. Nxd6 Bxd6 24. Bc1 Bc7 25. Kg2 R8d5 26. h4 Rf5 27. Re4 Bd8 (27... Na5 $11) 28. Bf4 $14 Rd7 29. Kg3 Rfd5 30. Kg4 Bc7 31. Bxc7 Rxc7 32. b4 {[%cal Bb2b4,Bb4b5][%mdl 32]} h6 $2 (32... Nd8 $16 {was worth a try.}) 33. b5 $18 (33. gxh6 b5 $16) 33... Nb8 34. Ne5 Nd7 35. Nc6 {[#] And now Ne7+ would win.} Rd1 36. Kh5 ({Worse is} 36. gxh6 Kh7 $11) 36... hxg5 37. Rg4 ({And not} 37. Kxg5 Kh7 $11) ({Not} 37. hxg5 a5 $16) 37... Kf8 38. hxg5 a6 39. a4 {[%cal Ba2a4,Ba4b5][%mdl 32]} axb5 $2 (39... Ke8 40. Kh6 Kf8) 40. axb5 Rc8 (40... Rd5 $142 41. Ra4 Rc8) 41. Ra4 Rd5 42. c4 Rd1 43. Ra7 Ke8 44. Kg4 {White wants to mate with Rh2.} Rh1 45. Rd2 Rg1+ 46. Kf4 (46. Kf3 $142 Nxf6 47. gxf6 Rf1+ 48. Rf2) 46... Rf1+ 47. Ke3 Nxf6 48. gxf6 Rxf6 49. Rh2 {Precision: White = 83%, Black = 42%.} 1-0

[Event "5th Cesme Open 2017"]
[Site "Cesme"]
[Date "2017.06.16"]
[Round "7.6"]
[White "Drazic, Sinisa"]
[Black "Shanava, Konstantine"]
[Result "0-1"]
[WhiteElo "2426"]
[BlackElo "2516"]
[Annotator "TA"]
[PlyCount "80"]
[EventType "swiss"]
[EventCountry "TUR"]
[SourceTitle "playchess.com"]
[Source "ChessBase"]
[SourceQuality "1"]

{[%evp 14,80,0,-3,-11,-32,-16,-27,-25,-22,-27,-29,-23,-18,-10,-19,-10,-45,-41,-41,-40,-77,-37,-52,-65,-132,-132,-133,-133,-134,-134,-154,-151,-313,-272,-247,-106,-151,-145,-127,-116,-143,-127,-129,-122,-131,-76,-84,-83,-81,-93,-292,-275,-827,-812,-822,-773,-1136,-1116,-1021,-982,-878,-863,-852,-866,-29988,-29989,-29989,-29990]} 1. e4 {[%cal Be2e4,Be4e5][%mdl 32]} c5 2. c3 Nf6 3. e5 Nd5 4. Nf3 Nc6 5. Bc4 Nb6 6. Be2 d5 7. exd6 Qxd6 8. d4 {LiveBook: 10 Games. B22: Sicilian: 2 c3} cxd4 9. cxd4 (9. Nxd4 Nxd4 10. Qxd4 Qxd4 11. cxd4 Bd7 12. Bf3 Rc8 13. Nc3 e6 14. Bxb7 Rc7 15. Bf3 Bb4 {½-½ (27) Fressinet,L (2702)-Vachier Lagrave,M (2705) Villandry 2012}) 9... Bg4 10. Nc3 {The position is equal.} e6 11. h3 $146 ({Predecessor:} 11. O-O Be7 12. h3 Bh5 13. Nb5 Qd7 14. Ne5 Nxe5 15. dxe5 Bxe2 16. Qxe2 {1-0 (49) Zifroni,D (2370)-Gershon,A (2340) Rishon Le Ziyyon 1995}) 11... Bxf3 12. Bxf3 Rd8 13. O-O $1 Be7 14. Be3 O-O 15. Qb3 Nxd4 16. Bxd4 Qxd4 17. Nb5 Qf4 18. Nxa7 Nc4 {White must now prevent ...Nd2.} 19. g3 (19. Qxb7 $15 Bc5 20. Rac1) 19... Qf6 $1 $17 20. Qxc4 Qxf3 21. Rae1 Rd2 22. Re3 Qf5 23. Nc8 $2 (23. Re2 $17 Rd3 24. Nb5) 23... Bc5 $19 24. b4 {[#]} Rxc8 (24... Qxf2+ $1 $19 {[%mdl 512] has better winning chances.} 25. Rxf2 Bxe3) 25. g4 Qg5 26. bxc5 Rxc5 27. Qa4 {[%cal Ra4e8]} Qd8 28. Rb3 Rc7 $36 {[%mdl 2048] White is under strong pressure.} 29. Qe4 Qc8 ({Black should try} 29... Rd4 30. Qf3 h5 $1 {[%mdl 512]} 31. gxh5 Rd5) 30. Rfb1 $17 {[%cal Rb3b7]} Rd5 31. Rb6 h5 {Strongly threatening ...hxg4.} 32. Kg2 $2 {[#]} (32. R6b4 $17 {was worth a try.}) 32... hxg4 $1 $19 33. hxg4 $2 (33. Qxg4 Rc2 34. Qg3) 33... Rc4 34. Qf3 Rdd4 35. Rxb7 Rxg4+ 36. Kh3 Rh4+ 37. Kg3 {[#]} Kh7 $1 38. Rxf7 Qd8 {( -> ...Qg5+)} 39. Rb5 Qd6+ 40. Kg2 Rh2+ {Precision: White = 39%, Black = 70%.} 0-1

[Event "5th Cesme Open 2017"]
[Site "Cesme"]
[Date "2017.06.16"]
[Round "7.7"]
[White "Gleizerov, Evgeny"]
[Black "Lomsadze, Davit"]
[Result "1-0"]
[WhiteElo "2507"]
[BlackElo "2341"]
[Annotator "TA"]
[PlyCount "87"]
[EventType "swiss"]
[EventCountry "TUR"]
[SourceTitle "playchess.com"]
[Source "ChessBase"]
[SourceQuality "1"]

{[%evp 10,87,102,84,93,91,102,105,100,55,41,31,39,31,33,32,45,41,116,113,92,45,41,54,68,55,127,28,33,23,40,0,12,39,85,65,110,0,0,-98,0,0,12,13,30,26,35,50,64,70,136,136,136,135,331,318,332,341,429,427,420,413,500,499,499,448,464,432,499,498,491,490,478,467,1310,1144,29968,5469,29986,29987]} 1. d4 Nf6 2. c4 c5 3. d5 e5 4. Nc3 d6 5. e4 Nbd7 6. g3 h5 {A56: Czech Benoni} 7. Nf3 (7. h3 g6 8. Nf3 Bh6 9. Bxh6 Rxh6 10. Be2 Kf8 11. Qd2 Kg7 12. Qe3 a6 13. a4 b6 14. Ng5 {0-1 (43) Ivanchuk,V (2766)-Leko,P (2732) Beijing 2012}) 7... a6 8. a4 Be7 $146 {White is better.} ({Predecessor:} 8... g6 9. Bg2 Bg7 10. O-O O-O 11. Bd2 Rb8 12. Qc2 Ng4 13. h3 Ngf6 14. b3 Nh7 15. Rae1 b6 16. Re2 Rb7 17. Nh4 Nb8 18. Rfe1 Bf6 19. Nf3 Bg7 20. Nh4 Bf6 21. Nf3 {½-½ (21) Drasko,M (2536)-Lomsadze,D (2394) Plovdiv 2008}) 9. Bh3 Nh7 10. Qe2 Ng5 11. Nxg5 Bxg5 12. f4 exf4 13. gxf4 Bh4+ ({Black should play} 13... Bh6 $1 $14 14. O-O (14. Qxh5 Nf6 $11) 14... Qh4) 14. Kd1 $16 Bf6 15. Bd2 Bd4 16. Kc2 Qh4 17. Qg2 Rh6 (17... Nb6 $14 18. Bxc8 Rxc8) 18. Bxd7+ (18. Raf1 $16) 18... Bxd7 $11 19. f5 Rh7 20. Bg5 Qg4 21. Qd2 h4 ({Don't play} 21... Bxc3 $6 22. Kxc3 Kf8 23. Qf4 $16) 22. h3 Qf3 23. Qf4 ({Better is} 23. Raf1 $16 Bxc3 24. Rxf3 Bxd2 25. Kxd2 (25. Bxd2 Bxa4+ 26. b3 Bd7 $11)) 23... Qg2+ 24. Kb3 {[#]} (24. Qd2 $11 {keeps the balance.} Qxd2+ 25. Bxd2) 24... Be5 (24... f6 $1 $17 25. Bxh4 O-O-O) 25. Qe3 $1 {Strongly threatening Rag1.} Qg3 (25... Bxa4+ $5 26. Nxa4 b5 $11) 26. Qd2 f6 27. Rag1 $1 $36 {[%cal Rg1g3][%mdl 2048] White has good play.} Qf3 28. Rf1 Qh5 29. Bf4 O-O-O ({Black should try} 29... Bxf4 $14 30. Qxf4 O-O-O) 30. Bxe5 $16 fxe5 31. Rhg1 Rf8 $2 (31... Qf7 $16 32. Rg5 Be8) 32. Rg6 $18 Rf6 {[#]} 33. Rfg1 $1 Rxg6 34. Rxg6 ({Weaker is} 34. fxg6 Rh8 $15) 34... Kc7 {Now ...Be8 and Black clings on.} 35. Qg2 Be8 36. Rxg7+ Bf7 37. Rxh7 Qxh7 38. Qg5 Kd7 39. a5 Bh5 40. Qf6 Kc7 41. Kc2 Bf3 (41... Be8 $142 42. Kd3 Qd7 43. Qxh4 Qg7) 42. Qg6 Qh5 43. Qg7+ Kc8 44. f6 {Precision: White = 72%, Black = 28%.} 1-0

[Event "5th Cesme Open 2017"]
[Site "Cesme"]
[Date "2017.06.16"]
[Round "7.8"]
[White "Khamrakulov, Djurabek"]
[Black "Haznedaroglu, Kivanc"]
[Result "1/2-1/2"]
[WhiteElo "2478"]
[BlackElo "2501"]
[Annotator "TA"]
[PlyCount "134"]
[EventType "swiss"]
[EventCountry "TUR"]
[SourceTitle "playchess.com"]
[Source "ChessBase"]
[SourceQuality "1"]

{[%evp 22,134,0,0,0,-24,-27,-27,-20,-26,-21,-26,-26,-29,-29,-25,-12,-31,-17,-31,-20,-22,-17,-15,-17,-17,-15,-12,-12,-14,-12,-12,0,-8,0,0,0,0,0,-17,-9,-12,-10,-26,0,-12,0,-13,-7,-8,-8,-8,-8,-12,0,-6,-6,-10,-8,-29,-25,-25,-27,-29,-29,-31,-29,-31,-28,-33,-33,-33,-33,-33,-29,-29,-29,-29,-29,-29,-29,-29,-29,-29,-29,-30,-8,-8,-5,-8,0,-25,-8,-18,-8,-8,-8,-8,-8,-14,-8,-23,-23,-23,-5,-5,-5,-21,-21,-21,-21,-31,-31,-31,-31]} 1. e4 {[%cal Be2e4,Be4e5][%mdl 32]} c5 2. c3 Nf6 3. e5 Nd5 4. Nf3 Nc6 5. d4 cxd4 6. cxd4 d6 7. Bc4 dxe5 8. Nxe5 e6 9. O-O Bd6 10. Nxc6 bxc6 {[%cal Bb7c6,Bc6c5][%mdl 32]} 11. Re1 O-O 12. Nd2 Qc7 {B22: Sicilian: 2 c3} 13. Nf3 Bb7 14. Bd2 c5 {Black has an edge.} 15. Rc1 Qb6 16. Qa4 $146 ({Predecessor:} 16. dxc5 Bxc5 17. Qe2 {½-½ (17) Hnatovsky,N (2367)-Martys,M (2306) IECG email 2005}) 16... a5 ({Don't go for} 16... Qxb2 $2 17. Rb1 $18) 17. Qb3 Qxb3 18. Bxb3 Rfc8 19. dxc5 Bxc5 20. Bc4 Nb6 21. Be2 Bd5 22. a3 a4 23. Rc3 Bd6 24. Rxc8+ Rxc8 25. Rc1 Rxc1+ 26. Bxc1 e5 27. Nd2 e4 28. Nb1 Be5 29. Nc3 Bc6 30. Bd2 f5 31. g3 Kf7 32. Kf1 (32. Be3 $5 {[%cal Re3b6]} Nc8 33. Bd1 $11) 32... h6 33. h4 Ke6 34. Ke1 Bf6 35. Kd1 g5 36. hxg5 hxg5 37. Kc2 Kd6 38. Be3 Nd5 39. Bd2 Bd4 40. Bxg5 Nxc3 41. bxc3 Bxf2 $11 {[%mdl 4096] Endgame KBB-KBB} 42. g4 fxg4 43. Bxg4 Bc5 44. Bc1 Bb5 45. Kd2 Kd5 46. Ke1 Be7 47. Kd1 Bc4 48. Bd7 Bb3+ 49. Ke2 Kc4 50. Bc6 Bc2 51. Kd2 Kc5 52. Be8 Bb3 {[#] ...Bg5+ is the strong threat.} 53. Ke2 Kb6 54. Bg6 Bc4+ 55. Ke3 Ba2 56. Be8 Bb1 {[#] Hoping for ...Bg5+.} 57. Ke2 Bd3+ 58. Kd1 Bb5 59. Bg6 Bc6 60. Bf7 Bc5 61. Ke2 Kc7 62. c4 Bd7 63. Bf4+ Kb7 64. Bc1 Bg4+ 65. Ke1 e3 66. Bxe3 Bxe3 67. Be8 Bc5 {Precision: White = 49%, Black = 55%.} 1/2-1/2

[Event "5th Cesme Open 2017"]
[Site "Cesme"]
[Date "2017.06.16"]
[Round "7.9"]
[White "Maghalashvili, Davit"]
[Black "Chighladze, Iveri"]
[Result "1-0"]
[WhiteElo "2490"]
[BlackElo "2326"]
[Annotator "TA"]
[PlyCount "41"]
[EventType "swiss"]
[EventCountry "TUR"]
[SourceTitle "playchess.com"]
[Source "ChessBase"]
[SourceQuality "1"]

{[%evp 26,41,28,22,29,19,56,47,38,3,159,120,189,26,29966,29969,6487,6018]} 1. d4 d5 2. c4 e6 3. Nc3 Nf6 4. Nf3 Be7 5. Bg5 h6 6. Bh4 O-O 7. e3 Ne4 8. Bxe7 Qxe7 9. Rc1 c6 10. Be2 {[%cal Bf1e2,Be2c4,Bc4b3][%mdl 32]} Nd7 11. O-O Nxc3 12. Rxc3 dxc4 13. Bxc4 e5 14. Bb3 Rd8 {D56: Queen's Gambit Declined: Lasker Defence} 15. Re1 exd4 16. exd4 Qd6 {[#] White is slightly better.} 17. Nh4 $146 {Nf5 is the strong threat.} ({Predecessor:} 17. Rd3 Nf8 18. d5 Bf5 19. Rd2 cxd5 20. Rxd5 Qf6 21. Qd4 Be6 22. Qxf6 gxf6 {½-½ (45) Topalov,V (2812)-Carlsen,M (2770) Sofia 2009}) 17... Nf8 $2 {[#]} ({Black should try} 17... Nf6 $11) 18. Qh5 $1 $16 {[%cal Rh5f7]} Be6 (18... Qc7 $16 {is a better defense.}) 19. Rg3 $2 ({White must play} 19. Nf5 $18 Qf4 20. Rf3) 19... Re8 $2 {[%mdl 8192] [#]} (19... Qf4 $11) 20. Rxg7+ $1 {[%mdl 512]} Kxg7 21. Nf5+ 1-0

[Event "5th Cesme Open 2017"]
[Site "Cesme"]
[Date "2017.06.16"]
[Round "7.10"]
[White "Bashirli, Nail"]
[Black "Sevgi, Volkan"]
[Result "1-0"]
[WhiteElo "2345"]
[BlackElo "2192"]
[Annotator "TA"]
[PlyCount "75"]
[EventType "swiss"]
[EventCountry "TUR"]
[SourceTitle "playchess.com"]
[Source "ChessBase"]
[SourceQuality "1"]

{[%evp 26,75,35,6,43,45,60,56,64,56,59,50,53,28,34,29,41,52,118,106,128,133,185,186,159,31,43,26,93,110,109,100,94,111,389,355,442,421,755,757,731,721,726,685,901,928,1234,1169,1407,1331,1172,1158]} 1. e4 c6 2. d4 d5 3. Nc3 dxe4 4. Nxe4 Bf5 5. Ng3 Bg6 6. h4 h6 7. Nf3 Nd7 8. h5 Bh7 9. Bd3 Bxd3 10. Qxd3 e6 11. Bd2 Ngf6 12. O-O-O Qc7 13. Ne4 Be7 14. Kb1 b5 {B19: Classical Caro-Kann: 4...Bf5 main line} (14... Rd8 15. Nxf6+ Nxf6 16. Qe2 c5 17. dxc5 Qxc5 18. Ne5 Rd4 19. f4 O-O 20. c3 Ra4 21. c4 Bd6 22. Bc3 Bxe5 23. fxe5 {1-0 (36) Adams,M (2722)-Nakamura,H (2783) London 2012}) 15. Nxf6+ gxf6 $146 ({Predecessor:} 15... Nxf6 16. Ne5 Rd8 17. g4 Bd6 18. f4 Nd5 19. Rhe1 Bxe5 20. Rxe5 Nf6 21. Ree1 O-O 22. g5 hxg5 23. h6 g4 24. hxg7 Kxg7 25. f5 Rd5 26. Qe3 Rxf5 27. Qh6+ Kg8 28. Rh1 {1-0 (28) Kernazhitsky,L (2357)-Cherniakhovsky,P (2270) Kiev 2001}) 16. c4 bxc4 {White is slightly better.} 17. Qxc4 Nb6 18. Qa6 Qc8 19. Qd3 Qd7 20. Rc1 c5 21. Qe4 c4 (21... cxd4 $14 22. Nxd4 (22. Qxd4 Qb7 $14) 22... Nd5) 22. Rxc4 $1 $16 f5 23. Qc6 Nxc4 (23... Qxc6 $16 24. Rxc6 Nd5) 24. Qxa8+ $18 Bd8 25. Bc3 (25. Bf4 $16) 25... O-O $14 26. Qb8 Ba5 (26... Bf6 $11 27. Qf4 Bg7) 27. Qg3+ $16 Kh7 {[#] Hoping for ...Bxc3.} 28. Bxa5 Nxa5 29. Rc1 $36 {[%mdl 2048] Black is under strong pressure.} Qb5 $2 {[%mdl 8192]} (29... Nc6 $16) 30. Ne5 $18 Rb8 {[%csl Gb8][%cal Rb5b2]} 31. b3 {White is clearly winning.} Qd5 {[#]} (31... Rg8 $142) 32. Nd7 $1 {[%mdl 512] White wants to mate with Nf6+.} Qe4+ (32... Qxd7 33. Qxb8) 33. Rc2 Qe1+ 34. Kb2 Nc4+ 35. Rxc4 Qd2+ 36. Kb1 Qe1+ 37. Rc1 {Threatening mate with Nf6+.} Qe4+ 38. Rc2 {Precision: White = 72%, Black = 21%.} 1-0

[Event "5th Cesme Open 2017"]
[Site "Cesme"]
[Date "2017.06.16"]
[Round "7.11"]
[White "Arman, Deniz"]
[Black "Benidze, Davit"]
[Result "0-1"]
[WhiteElo "2324"]
[BlackElo "2525"]
[Annotator "TA"]
[PlyCount "63"]
[EventType "swiss"]
[EventCountry "TUR"]
[SourceTitle "playchess.com"]
[Source "ChessBase"]
[SourceQuality "1"]

{[%evp 11,63,62,47,59,54,14,56,0,0,0,0,0,0,0,0,0,0,0,0,-18,-9,-18,-15,-68,-59,-67,-27,-41,-39,-44,-39,-83,-93,-105,-102,-86,-97,-118,-106,-111,-116,-169,-168,-195,-103,-146,-137,-418,-412,-560,-546,-741,-734,-1633]} 1. e4 g6 2. d4 Bg7 3. Nf3 c6 4. h3 d5 5. Nc3 Nh6 6. Bd3 f6 {[%cal Bf7f6,Bf6e5][%mdl 32]} 7. Qe2 {B15: Caro-Kann: 3 Nc3: 3...g6 and 3...dxe4 4 Nxe4 Nf6 5 Nxf6+ exf6} (7. O-O Nf7 8. Ne2 O-O 9. Ng3 e5 10. dxe5 fxe5 11. c3 Na6 12. Bc2 Nc7 13. Be3 b6 14. a4 Ne6 {1-0 (54) Ortiz Suarez,I (2601)-Ipatov,A (2625) Panama City 2013}) 7... Nf7 8. Bf4 O-O 9. O-O (9. O-O-O $14) 9... e5 $11 10. dxe5 $1 fxe5 11. Bg3 {exd5 is the strong threat.} d4 12. Nb1 Be6 13. Nbd2 Nd7 $146 14. Bc4 Qe7 15. Ne1 Nd6 16. Bxe6+ Qxe6 17. Qg4 ({White should try} 17. a4 $11) 17... Qxg4 $15 18. hxg4 c5 {[%cal Bc6c5,Bc5c4][%mdl 32]} 19. Nef3 Rfe8 20. Rfe1 Rac8 21. Re2 Rc6 22. c3 dxc3 23. bxc3 c4 24. Rd1 Nc5 25. Rc1 b5 {[%cal Bb7b5,Bb5b4][%mdl 32]} 26. Ne1 (26. Bh4 $17 {was worth a try.}) 26... Bh6 $19 27. f3 Nd3 (27... Na4 $19 28. Rc2 a5) 28. Rb1 {[#]} b4 $1 {[%mdl 512]} 29. Nf1 $2 {[%mdl 8192]} (29. cxb4 $17 {might work better.} Nxe1 30. Rbxe1) 29... Nb5 30. Rc2 Na3 31. cxb4 Nxe1 32. Ra1 {Precision: White = 25%, Black = 75%.} 0-1